[Event "Erfurt op-B 28th"]
[Site "Erfurt"]
[Date "2018.12.28"]
[Round "4"]
[White "Schwarz, Hilmar"]
[Black "Waehner, Manuel"]
[Result "1/2-1/2"]
[WhiteElo "1901"]
[BlackElo "1810"]
[PlyCount "30"]
[EventDate "2018.12.26"]
[EventType "swiss"]
[EventRounds "8"]
[EventCountry "GER"]
[SourceTitle "EXT 2021"]
[Source "ChessBase"]
[SourceDate "2020.10.23"]
[SourceVersion "1"]
[SourceVersionDate "2020.10.23"]
[SourceQuality "1"]

1. e4 e6 2. Qe2 c5 3. f4 Nc6 4. c3 Nf6 5. d3 Be7 6. Nf3 d5 7. g3 0-0 8. Bg2 b5 9. e5 Nd7 10. d4 Qb6 11. Be3 a5 12. 0-0 Ba6 13. Rc1 Rfc8 14. Qd1 b4 15. Ne1 Rab8 1/2-1/2

[Event "Erfurt op-B 28th"]
[Site "Erfurt"]
[Date "2018.12.27"]
[Round "3"]
[White "Weiland, Thomas"]
[Black "Schwarz, Hilmar"]
[Result "1/2-1/2"]
[WhiteElo "1795"]
[BlackElo "1901"]
[PlyCount "88"]
[EventDate "2018.12.26"]
[EventType "swiss"]
[EventRounds "8"]
[EventCountry "GER"]
[SourceTitle "EXT 2021"]
[Source "ChessBase"]
[SourceDate "2020.10.23"]
[SourceVersion "1"]
[SourceVersionDate "2020.10.23"]
[SourceQuality "1"]

1. c4 f5 2. d4 e6 3. Nc3 d5 4. cxd5 exd5 5. Nf3 Nf6 6. e3 Be7 7. Be2 0-0 8. 0-0 c6 9. Qc2 Ne4 10. Ne5 Nd7 11. Nd3 Ndf6 12. Bd2 Bd6 13. f4 Qe7 14. Ne5 Be6 15. a3 g5 16. Be1 Qg7 17. Nxe4 Nxe4 18. Bd3 Rf6 19. g3 Raf8 20. Kh1 Kh8 21. Rg1 Rh6 22. Rg2 g4 23. Kg1 Rhf6 24. b4 Rc8 25. Rc1 Rff8 26. Qb2 Qe7 27. Rgc2 Kg7 28. Rb1 Rh8 29. a4 h5 30. b5 Bxe5 31. Bxe4 Bf6 32. Bd3 c5 33. Bc3 c4 34. Bf1 h4 35. Re1 h3 36. Bb4 Qd7 37. Qa3 Rhd8 38. Rc3 Kf7 39. Rb1 b6 40. Be2 Ra8 41. Qc1 a6 42. a5 Rdb8 43. bxa6 Rxa6 44. Ra3 b5 1/2-1/2

[Event "Erfurt HT op 24th"]
[Site "Erfurt"]
[Date "2014.12.30"]
[Round "8"]
[White "Schwarz, Hilmar"]
[Black "Pruesse, Horst"]
[Result "1/2-1/2"]
[WhiteElo "1918"]
[BlackElo "2044"]
[PlyCount "76"]
[EventDate "2014.12.26"]
[EventType "swiss"]
[EventRounds "8"]
[EventCountry "GER"]
[SourceTitle "EXT 2016"]
[Source "ChessBase"]
[SourceDate "2015.10.08"]
[SourceVersion "1"]
[SourceVersionDate "2015.10.08"]
[SourceQuality "1"]

1. e4 c5 2. Nf3 a6 3. d4 cxd4 4. Nxd4 Nf6 5. Nc3 e5 6. Nf3 Bb4 7. Bd2 d6 8. Bd3 Bg4 9. h3 Bh5 10. 0-0 Nc6 11. a3 Bc5 12. Bg5 Nd4 13. g4 Bg6 14. Nxd4 Bxd4 15. Nd5 Qc8 16. Nxf6+ gxf6 17. Bxf6 Rg8 18. c3 Ba7 19. Qf3 h5 20. g5 Qe6 21. Kh2 Rc8 22. Bc2 Bb8 23. Rad1 Qa2 24. Rd2 d5 25. Rxd5 Qxd5 26. exd5 e4+ 27. Qg3 Bxg3+ 28. Kxg3 Kd7 29. b3 b5 30. Kf4 Rge8 31. Re1 Kd6 32. Bxe4 Bxe4 33. Rxe4 Kxd5 34. c4+ bxc4 35. Rd4+ Ke6 36. Re4+ Kd7 37. Rd4+ Ke6 38. Re4+ Kd7 1/2-1/2

[Event "Erfurt HT op 24th"]
[Site "Erfurt"]
[Date "2014.12.29"]
[Round "7"]
[White "Feicht, Arno"]
[Black "Schwarz, Hilmar"]
[Result "1/2-1/2"]
[WhiteElo "2093"]
[BlackElo "1918"]
[PlyCount "137"]
[EventDate "2014.12.26"]
[EventType "swiss"]
[EventRounds "8"]
[EventCountry "GER"]
[SourceTitle "CBM 164 Extra"]
[Source "ChessBase"]
[SourceDate "2015.03.02"]
[SourceVersion "1"]
[SourceVersionDate "2015.03.02"]
[SourceQuality "1"]

1. d4 d5 2. Nc3 f5 3. Bg5 c6 4. e3 Qc7 5. Bf4 Qd8 6. Bd3 Nf6 7. Nf3 e6 8. Ne5 Nbd7 9. 0-0 g6 10. Be2 Bg7 11. h4 Nxe5 12. Bxe5 Qe7 13. g3 b6 14. Na4 0-0 15. Bxf6 Bxf6 16. f4 h5 17. b3 Bd7 18. Nb2 c5 19. c3 b5 20. Nd3 c4 21. Nc5 Bc6 22. bxc4 bxc4 23. Rb1 Rfb8 24. Qd2 Qf7 25. Na6 Rb5 26. Nb4 Qb7 27. a4 Rb6 28. a5 Rb5 29. Bd1 Rxa5 30. Bc2 Bd7 31. Nd3 Qc8 32. Nc5 Be7 33. Nxd7 Qxd7 34. Rb2 Bd8 35. Rfb1 Bb6 36. Bd1 Kg7 37. Qg2 Ra3 38. Qc2 Rf8 39. Rb4 Rf7 40. Qb2 Ra5 41. Bc2 Re7 42. Kg2 Rf7 43. Qc1 Ra2 44. Kf3 Kf8 45. Qd1 Ra5 46. Ba4 Qc7 47. Qc1 Re7 48. Qa3 Kg7 49. R1b2 Kg8 50. Qa2 Kh8 51. Qb1 Kg8 52. Qe1 Kf8 53. Kg2 Rf7 54. Kh2 Kg7 55. Qe2 Kf8 56. Bb5 Kg7 57. Qc2 Kf8 58. Ra4 Rxa4 59. Qxa4 Re7 60. Bc6 Kf7 61. Qb5 Qd8 62. Qa6 Rc7 63. Qa4 Re7 64. Qc2 Qd6 65. Ba4 Kf8 66. Qe2 Kg7 67. Kh3 Rf7 68. Rb4 Rf8 69. Qb2 1/2-1/2

[Event "Dresden ZMD op-B 23rd"]
[Site "Dresden"]
[Date "2014.08.16"]
[Round "2"]
[White "Glasewald, Stefan"]
[Black "Schwarz, Hilmar"]
[Result "1-0"]
[WhiteElo "2079"]
[BlackElo "1897"]
[PlyCount "53"]
[EventDate "2014.08.15"]
[EventType "swiss"]
[EventRounds "9"]
[EventCountry "GER"]
[SourceTitle "EXT 2024"]
[Source "ChessBase"]
[SourceDate "2023.10.10"]
[SourceVersion "1"]
[SourceVersionDate "2023.10.10"]
[SourceQuality "1"]

1. d4 d5 2. Nc3 f5 3. Nf3 e6 4. Bf4 c6 5. e3 Nf6 6. Ne5 Nbd7 7. Be2 Be7 8. Bh5+ g6 9. Be2 Ne4 10. Nxe4 fxe4 11. 0-0 Bg5 12. Bg3 0-0 13. b4 a6 14. a4 Nxe5 15. Bxe5 Bd7 16. c4 Qe7 17. Qb3 h5 18. c5 Qd8 19. b5 axb5 20. axb5 Bf6 21. Bd6 Re8 22. Qb2 Bg7 23. bxc6 bxc6 24. Rxa8 Qxa8 25. Ra1 Qd8 26. Ra7 Bc8 27. Qb6 1-0

[Event "Thueringer Wald Schach-Cup 14th"]
[Site "Gotha"]
[Date "2012.11.07"]
[Round "1"]
[White "Mueller, Michael"]
[Black "Schwarz, Hilmar"]
[Result "1-0"]
[WhiteElo "2255"]
[BlackElo "1892"]
[PlyCount "79"]
[EventDate "2012.11.07"]
[EventType "swiss"]
[EventRounds "7"]
[EventCountry "GER"]
[SourceTitle "EXT 2013"]
[Source "ChessBase"]
[SourceDate "2012.11.22"]
[SourceVersion "1"]
[SourceVersionDate "2012.11.22"]
[SourceQuality "1"]

1. d4 d5 2. Nf3 f5 3. Bf4 Nf6 4. e3 e6 5. c4 c6 6. Nc3 Bd6 7. Ne5 Qe7 8. Bg5 Nbd7 9. f4 0-0 10. Bd3 Qe8 11. 0-0 Ne4 12. Bxe4 fxe4 13. Qe2 Nf6 14. Rf2 b6 15. cxd5 exd5 16. Rc1 Be6 17. h3 Rc8 18. g4 c5 19. f5 cxd4 20. exd4 Bd7 21. Bf4 Bb4 22. Qa6 Bxc3 23. bxc3 Rc7 24. Rb2 Bc8 25. Qe2 Bb7 26. Ng6 hxg6 27. Bxc7 gxf5 28. gxf5 Qd7 29. Be5 Qxf5 30. Qg2 Bc8 31. Rf2 Qxh3 32. Bxf6 Rxf6 33. Qxh3 Bxh3 34. Rxf6 gxf6 35. Kf2 Kf7 36. c4 Ke6 37. c5 bxc5 38. Rxc5 f5 39. Ke3 a6 40. Rc6+ 1-0

[Event "Dresden ZMD op"]
[Site "Dresden"]
[Date "2008.07.20"]
[Round "2"]
[White "Schwarz, Hilmar"]
[Black "Heck, Norbert"]
[Result "0-1"]
[WhiteElo "1927"]
[BlackElo "2312"]
[PlyCount "56"]
[EventDate "2008.07.19"]
[EventType "swiss"]
[EventRounds "9"]
[EventCountry "GER"]
[SourceTitle "CBM 125 Extra"]
[Source "ChessBase"]
[SourceDate "2008.09.01"]
[SourceVersion "1"]
[SourceVersionDate "2008.09.01"]
[SourceQuality "1"]

1. e4 g6 2. d4 Bg7 3. f4 d6 4. Nf3 c5 5. dxc5 Qa5+ 6. Bd2 Qxc5 7. c3 Nf6 8. Bd3 Nbd7 9. Qe2 0-0 10. Be3 Qc7 11. Nbd2 Nc5 12. Bc2 b6 13. 0-0 Ng4 14. Bd4 e5 15. fxe5 dxe5 16. Bf2 Ba6 17. c4 Nxf2 18. Rxf2 Ne6 19. Qe3 Nd4 20. Bd3 Rad8 21. Rc1 Qc5 22. Kh1 Nxf3 23. Qxc5 bxc5 24. Rxf3 Bh6 25. Rc2 Bxd2 26. Rxd2 Bxc4 27. b3 Ba6 28. Kg1 Rd4 0-1

[Event "Dresden ZMD op"]
[Site "Dresden"]
[Date "2008.07.19"]
[Round "1"]
[White "Ghaem Maghami, Ehsan"]
[Black "Schwarz, Hilmar"]
[Result "1-0"]
[WhiteElo "2597"]
[BlackElo "1927"]
[PlyCount "47"]
[EventDate "2008.07.19"]
[EventType "swiss"]
[EventRounds "9"]
[EventCountry "GER"]
[SourceTitle "CBM 125 Extra"]
[Source "ChessBase"]
[SourceDate "2008.09.01"]
[SourceVersion "1"]
[SourceVersionDate "2008.09.01"]
[SourceQuality "1"]

1. c4 f5 2. Nf3 Nf6 3. g3 e6 4. Bg2 d5 5. 0-0 Bd6 6. d3 c6 7. Nc3 Nbd7 8. e4 0-0 9. cxd5 exd5 10. exd5 cxd5 11. Nb5 Bb8 12. Nbd4 Nb6 13. a4 a5 14. Ne2 Nh5 15. Bg5 Qe8 16. Re1 Qg6 17. Be7 Re8 18. Ned4 f4 19. Nh4 Qf7 20. Bc5 Rxe1+ 21. Qxe1 g5 22. Nhf3 Ra6 23. Nxg5 Qg6 24. Qe7 1-0

[Event "Gotha op 8th"]
[Site "Gotha"]
[Date "2006.11.16"]
[Round "8"]
[White "Schwarz, Hilmar"]
[Black "Fritsch, Wolfgang"]
[Result "1/2-1/2"]
[WhiteElo "1940"]
[BlackElo "1969"]
[PlyCount "62"]
[EventDate "2006.11.13"]
[EventType "swiss"]
[EventRounds "9"]
[EventCountry "GER"]
[SourceTitle "EXT 2008"]
[Source "ChessBase"]
[SourceDate "2007.11.25"]
[SourceVersion "1"]
[SourceVersionDate "2007.11.25"]
[SourceQuality "1"]

1. e4 e5 2. Nf3 Nf6 3. Nxe5 d6 4. Nxf7 Kxf7 5. d4 Be7 6. Bd3 Nc6 7. c3 Rf8 8. Bc4+ Ke8 9. Bd3 Bg4 10. f3 Bh5 11. 0-0 Qd7 12. Bg5 h6 13. Bh4 Ng8 14. Bg3 Bg5 15. Qe1 Bf4 16. Nd2 a6 17. Bxf4 Rxf4 18. Qe3 Rf8 19. Rae1 Kd8 20. Rf2 Re8 21. h3 Qe7 22. f4 Bg6 23. d5 Nb8 24. b4 Nf6 25. c4 Nbd7 26. Rfe2 Bh5 27. g4 Nxg4 28. hxg4 Bxg4 29. Rg2 h5 30. Be2 Nf6 31. Bxg4 Nxg4 1/2-1/2

[Event "Gotha op 8th"]
[Site "Gotha"]
[Date "2006.11.13"]
[Round "2"]
[White "Schwarz, Hilmar"]
[Black "Schumacher, Klaus"]
[Result "1-0"]
[WhiteElo "1940"]
[BlackElo "1930"]
[PlyCount "71"]
[EventDate "2006.11.13"]
[EventType "swiss"]
[EventRounds "9"]
[EventCountry "GER"]
[SourceTitle "EXT 2008"]
[Source "ChessBase"]
[SourceDate "2007.11.25"]
[SourceVersion "1"]
[SourceVersionDate "2007.11.25"]
[SourceQuality "1"]

1. e4 c5 2. Nf3 Nc6 3. d4 cxd4 4. Nxd4 g6 5. c4 Bg7 6. Be3 Qb6 7. Nf5 Qa5+ 8. Bd2 Qe5 9. Nxg7+ Qxg7 10. Bc3 Nf6 11. Be2 d6 12. Na3 a6 13. f4 Be6 14. 0-0 Rg8 15. b4 h5 16. Nc2 Qh7 17. Bxf6 exf6 18. Qxd6 Rd8 19. Qc5 Rd2 20. Bd1 h4 21. Ne3 h3 22. g3 f5 23. Nd5 Qg7 24. e5 Bxd5 25. cxd5 Ne7 26. Ba4+ b5 27. Bxb5+ axb5 28. Qxb5+ Kd8 29. Qb8+ Kd7 30. Qb7+ Ke8 31. d6 f6 32. Rac1 fxe5 33. dxe7 e4 34. Rc8+ Kf7 35. e8Q+ Kf6 36. Qe5# 1-0